Statistiques concernant ASSASAPERO

Cliquez ici pour prendre le quiz!

Statistiques générales

  • Ce quiz a été pris 39 fois
  • Le résultat moyen est 30 sur 44

Statistiques - réponses

Membres% Correct
Joseph Serror
96%
Anna
92%
Elli Cohen
92%
Julie
92%
Luc Goma
92%
Erian
88%
Hector
88%
Raphaël
88%
Suzanne
88%
Antoine
83%
Jasmine
83%
Lucie
83%
Marie-Sarah Tsogo
83%
Stella
83%
Andrea
79%
Augustin
79%
Eliott
79%
Saeedine
79%
Salome Berger
79%
Annabelle
75%
Betty
75%
Lilas
71%
Lucas
71%
Clarence
67%
Cyrine
67%
Fanny
67%
Felix
67%
Hugo
67%
Naîs
67%
Rose
67%
Juliette
58%
William
58%
Lucien
54%
Marix
54%
Gabriel
50%
Baptiste
46%
Maïana
46%
Margot
46%
Annael
42%
Apolline
42%
May
42%
Salome Blondeau
29%
Jeanne
13%
Marie Arty
4%

Distribution des résultats

Percentile par nombre de réponses

% des personnes avec chaque résultat

Votre développement - résultats

Vous n’avez pas pris ce quiz